Statistiques concernant Présidents américains changés en personnages de dessins animés

Cliquez ici pour prendre le quiz!

Statistiques générales

  • Ce quiz a été pris 199 fois
  • Le résultat moyen est 9 sur 16

Statistiques - réponses

Réponse% Correct
Donald Trump
99%
Barack Obama
96%
Joe Biden
92%
Abraham Lincoln
91%
George Washington
74%
John F. Kennedy
66%
Ronald Reagan
59%
Richard Nixon
58%
Theodore Roosevelt
57%
Bill Clinton
50%
Harry Truman
38%
Thomas Jefferson
35%
Franklin D. Roosevelt
32%
Woodrow Wilson
20%
William Taft
7%
Martin Van Buren
6%

Distribution des résultats

Percentile par nombre de réponses

% des personnes avec chaque résultat

Votre développement - résultats

Vous n’avez pas pris ce quiz